LEADER 01323cam0-22004691i-450- 001 990003925500403321 005 20050719130902.0 010 $a88-15-08828-8 035 $a000392550 035 $aFED01000392550 035 $a(Aleph)000392550FED01 035 $a000392550 100 $a20030910d2002----km-y0itay50------ba 101 0 $aita 102 $aIT 105 $ay-------001yy 200 1 $aRapporto 2002 sull'economia del Mezzogiorno$fSvimez, Associazione per lo sviluppo dell'industria del Mezzogiorno 210 $aBologna$cIl Mulino$d2002 215 $a820 p.$d23 cm 225 1 $aCollana della Svimez 610 0 $aItalia$aEconomia$aMezzogiorno$a2001 610 0 $aMezzogiorno$aNew economy 676 $a330.945 676 $a043.003 710 02$aSvimez$0370492 801 0$aIT$bUNINA$gRICA$2UNIMARC 901 $aBK 912 $a990003925500403321 952 $aXXVI-C-145$b9067$fMAS 952 $aVI C 968$b39085$fFSPBC 952 $a62 33(45.13) SVI$bScuola Spec. 132$fDAGEA 952 $aC 417$fDSS 952 $aDPR 29/819$b20375$fDEC 952 $a043.003.SVI.10$b4474$fDECGE 959 $aMAS 959 $aFSPBC 959 $aDAGEA 959 $aDSS 959 $aDEC 959 $aDECGE 996 $aRapporto 2002 sull'economia del mezzogiorno$968231 997 $aUNINA LEADER 00902nam0-22003011i-450- 001 990007981200403321 005 20050110115104.0 010 $a88-812-5770-X 035 $a000798120 035 $aFED01000798120 035 $a(Aleph)000798120FED01 035 $a000798120 100 $a20050110d2003----km-y0itay50------ba 101 0 $aita 102 $aIT 200 1 $aAlla convenzione europea$ediario e documenti da Bruxelles$econ il testo integrale del progetto di Costituzione$fValdo Spini 210 $aFirenze$cAlinea$d2003 215 $a350 p.$d20 cm 610 0 $aUnione europea$aCostituzioni politiche 676 $a341.2422$v21$zita 700 1$aSpini,$bValdo$f<1946- >$0245137 801 0$aIT$bUNINA$gRICA$2UNIMARC 901 $aBK 912 $a990007981200403321 952 $aIII T 301$b41265$fFSPBC 959 $aFSPBC 996 $aAlla convenzione europea$9751181 997 $aUNINA